<?xml version="1.0" encoding="UTF-8"?>
<marc:record xmlns:marc="http://www.loc.gov/MARC21/slim">
   <marc:leader>00000nam a2200000 a 4500</marc:leader>
   <marc:datafield ind1="1" ind2=" " tag="100">
      <marc:subfield code="a">Serra, Aristide</marc:subfield>
      <marc:subfield code="4">aut</marc:subfield>
      <marc:subfield code="e">Verfasser/-in</marc:subfield>
   </marc:datafield>
   <marc:datafield ind1=" " ind2=" " tag="653">
      <marc:subfield code="a">Maria</marc:subfield>
   </marc:datafield>
   <marc:datafield ind1=" " ind2=" " tag="653">
      <marc:subfield code="a">Präfiguration</marc:subfield>
   </marc:datafield>
   <marc:datafield ind1=" " ind2=" " tag="653">
      <marc:subfield code="a">Softcover / Religion/Theologie/Christentum</marc:subfield>
   </marc:datafield>
   <marc:datafield ind1=" " ind2=" " tag="653">
      <marc:subfield code="a">Mariologie</marc:subfield>
   </marc:datafield>
   <marc:datafield ind1=" " ind2=" " tag="653">
      <marc:subfield code="a">Altes Testament</marc:subfield>
   </marc:datafield>
   <marc:datafield ind1="0" ind2="0" tag="245">
      <marc:subfield code="a">Die Frau des Bundes</marc:subfield>
   </marc:datafield>
   <marc:datafield ind1="0" ind2="0" tag="245">
      <marc:subfield code="b">Präfigurationen Marias im Alten Testament</marc:subfield>
   </marc:datafield>
   <marc:datafield ind1="0" ind2="0" tag="245">
      <marc:subfield code="c">Aristide Serra</marc:subfield>
   </marc:datafield>
   <marc:datafield ind1=" " ind2="1" tag="264">
      <marc:subfield code="a">Regensburg</marc:subfield>
      <marc:subfield code="b">Verlag Friedrich Pustet</marc:subfield>
      <marc:subfield code="c">2015</marc:subfield>
   </marc:datafield>
   <marc:datafield ind1="1" ind2=" " tag="490">
      <marc:subfield code="a">Mariologische Studien</marc:subfield>
      <marc:subfield code="v">Band 23</marc:subfield>
   </marc:datafield>
   <marc:datafield ind1="1" ind2=" " tag="520">
      <marc:subfield code="a">Angaben aus der Verlagsmeldung

Die Frau des Bundes : Präfigurationen Marias im Alten Testament / von Aristide Serra

Der italienische Exeget Aristide Serra hat umfangreiche Studien zu den biblischen Grundlagen der Mariologie verfasst. Das vorliegende Werk konzentriert sich auf die Vorbereitung der Mariengestalt im Alten Testament. Unter dem Stichwort „Die Frau des Bundes“ zeigt der Verfasser, ausgehend von der johanneischen Theologie, die Verbindung der Gottesmutter mit dem Gottesvolk des Alten Testaments. Die Bedeutung der Mutter des Messias bekommt ihr volles Profil mit der Betrachtung der „Mütter Israels“ (der großen Frauengestalten), der Kennzeichnung Jerusalems als „Tochter Zion“ sowie der Titulierung als „Sitz der Weisheit“. Das Werk integriert die jüdischen Kommentare aus der Antike sowie die Rezeption von Seiten der Kirchenväter mit den modernen Methoden der Exegese.
</marc:subfield>
   </marc:datafield>
   <marc:datafield ind1=" " ind2=" " tag="020">
      <marc:subfield code="a">9783791726656</marc:subfield>
      <marc:subfield code="9">9783791726656</marc:subfield>
   </marc:datafield>
   <marc:datafield ind1=" " ind2=" " tag="020">
      <marc:subfield code="a">379172665X</marc:subfield>
      <marc:subfield code="9">379172665X</marc:subfield>
   </marc:datafield>
   <marc:datafield ind1=" " ind2=" " tag="041">
      <marc:subfield code="a">ger</marc:subfield>
   </marc:datafield>
   <marc:datafield ind1=" " ind2=" " tag="300">
      <marc:subfield code="a">294 Seiten</marc:subfield>
   </marc:datafield>
</marc:record>
